<?xml version="1.0" encoding="UTF-8"?>
<record
    xmlns:xsi="http://www.w3.org/2001/XMLSchema-instance"
    xsi:schemaLocation="http://www.loc.gov/MARC21/slim http://www.loc.gov/standards/marcxml/schema/MARC21slim.xsd"
    xmlns="http://www.loc.gov/MARC21/slim">

  <leader>02547cam a22004935i 4500</leader>
  <controlfield tag="001">9166082</controlfield>
  <controlfield tag="003">USPCAS-E</controlfield>
  <controlfield tag="005">20180118181415.0</controlfield>
  <controlfield tag="006">m        d        </controlfield>
  <controlfield tag="007">cr  n         </controlfield>
  <controlfield tag="008">110210s2011    gw |    s    |||| 0|eng d</controlfield>
  <datafield tag="020" ind1=" " ind2=" ">
    <subfield code="a">9783642197772</subfield>
  </datafield>
  <datafield tag="020" ind1=" " ind2=" ">
    <subfield code="a">9783642197765 (print)</subfield>
  </datafield>
  <datafield tag="024" ind1="7" ind2=" ">
    <subfield code="a">10.1007/978-3-642-19777-2</subfield>
    <subfield code="2">doi</subfield>
  </datafield>
  <datafield tag="035" ind1=" " ind2=" ">
    <subfield code="a">(WaSeSS)ssj0000542062</subfield>
  </datafield>
  <datafield tag="040" ind1=" " ind2=" ">
    <subfield code="d">WaSeSS</subfield>
    <subfield code="c">0</subfield>
  </datafield>
  <datafield tag="050" ind1=" " ind2="4">
    <subfield code="a">TJ265</subfield>
  </datafield>
  <datafield tag="050" ind1=" " ind2="4">
    <subfield code="a">QC319.8-338.5</subfield>
  </datafield>
  <datafield tag="072" ind1=" " ind2="7">
    <subfield code="a">TGMB</subfield>
    <subfield code="2">bicssc</subfield>
  </datafield>
  <datafield tag="072" ind1=" " ind2="7">
    <subfield code="a">SCI065000</subfield>
    <subfield code="2">bisacsh</subfield>
  </datafield>
  <datafield tag="082" ind1="0" ind2="4">
    <subfield code="a">621.4021</subfield>
    <subfield code="2">23</subfield>
    <subfield code="b">ANN-T 2011</subfield>
  </datafield>
  <datafield tag="100" ind1="1" ind2=" ">
    <subfield code="a">Annaratone, Donatello.</subfield>
    <subfield code="e">author.</subfield>
  </datafield>
  <datafield tag="210" ind1="1" ind2="0">
    <subfield code="a">Transient Heat Transfer</subfield>
  </datafield>
  <datafield tag="245" ind1="1" ind2="0">
    <subfield code="a">Transient Heat Transfer</subfield>
    <subfield code="h">[electronic resource] /</subfield>
    <subfield code="c">by Donatello Annaratone.</subfield>
  </datafield>
  <datafield tag="260" ind1=" " ind2=" ">
    <subfield code="a">London:</subfield>
    <subfield code="b">Springer,</subfield>
    <subfield code="c">c2011.</subfield>
  </datafield>
  <datafield tag="490" ind1="1" ind2=" ">
    <subfield code="a">SpringerBriefs in Applied Sciences and Technology,</subfield>
    <subfield code="x">2191-530X ;</subfield>
    <subfield code="v">3</subfield>
  </datafield>
  <datafield tag="502" ind1=" " ind2=" ">
    <subfield code="a">0</subfield>
  </datafield>
  <datafield tag="505" ind1="0" ind2=" ">
    <subfield code="a">Introduction -- General Law of Thermal Conduction -- Heat Diffusion in a Plate of Infinite Thickness -- Heat Diffusion in a Plate of Finite Thickness -- Plate immersed in Fluid -- Plate Heated or Cooled on one Side -- Tube Heated or Cooled on Outside Surface -- Plate Radiated on Both Sides -- Plate Radiated on One Side -- Transient Heat Transfer through a Plane Wall -- Transient Heat Transfer through a Curved Wall (tube).</subfield>
  </datafield>
  <datafield tag="506" ind1=" " ind2=" ">
    <subfield code="a">License restrictions may limit access.</subfield>
  </datafield>
  <datafield tag="520" ind1=" " ind2=" ">
    <subfield code="a">This book presents a new and direct computational method for transient heat transfer. The approach uses the well-known dimensionless Biot number and a second dimensionless number introduced by the author. The methodology allows for a transient heat transfer calculations without using finite difference programs. The book presents many examples and various tables demonstrating the potential of this new methodology. Many diagrams illustrate the physical phenomena.</subfield>
  </datafield>
  <datafield tag="650" ind1=" " ind2="0">
    <subfield code="a">Engineering.</subfield>
  </datafield>
  <datafield tag="650" ind1=" " ind2="0">
    <subfield code="a">Hydraulic engineering.</subfield>
  </datafield>
  <datafield tag="650" ind1="1" ind2="4">
    <subfield code="a">Engineering.</subfield>
  </datafield>
  <datafield tag="650" ind1="2" ind2="4">
    <subfield code="a">Engineering Thermodynamics, Heat and Mass Transfer.</subfield>
  </datafield>
  <datafield tag="650" ind1="2" ind2="4">
    <subfield code="a">Engineering Fluid Dynamics.</subfield>
  </datafield>
  <datafield tag="710" ind1="2" ind2=" ">
    <subfield code="a">SpringerLink (Online service)</subfield>
  </datafield>
  <datafield tag="773" ind1="0" ind2=" ">
    <subfield code="t">Springer eBooks</subfield>
  </datafield>
  <datafield tag="773" ind1=" " ind2="0">
    <subfield code="t">SpringerLink ebooks - Engineering (2011)</subfield>
  </datafield>
  <datafield tag="776" ind1="0" ind2="8">
    <subfield code="i">Printed edition:</subfield>
    <subfield code="z">9783642197765</subfield>
  </datafield>
  <datafield tag="830" ind1=" " ind2="0">
    <subfield code="a">SpringerBriefs in Applied Sciences and Technology,</subfield>
    <subfield code="v">3</subfield>
  </datafield>
  <datafield tag="856" ind1="4" ind2="0">
    <subfield code="u">http://www.columbia.edu/cgi-bin/cul/resolve?clio9166082</subfield>
    <subfield code="z">Full text available from SpringerLink ebooks - Engineering (2011)</subfield>
  </datafield>
  <datafield tag="910" ind1=" " ind2=" ">
    <subfield code="a">Vendor-generated brief record</subfield>
  </datafield>
  <datafield tag="942" ind1=" " ind2=" ">
    <subfield code="2">ddc</subfield>
    <subfield code="c">BK</subfield>
  </datafield>
  <datafield tag="999" ind1=" " ind2=" ">
    <subfield code="c">355823</subfield>
    <subfield code="d">355823</subfield>
  </datafield>
  <datafield tag="952" ind1=" " ind2=" ">
    <subfield code="0">0</subfield>
    <subfield code="1">0</subfield>
    <subfield code="2">ddc</subfield>
    <subfield code="4">0</subfield>
    <subfield code="7">0</subfield>
    <subfield code="8">NFIC</subfield>
    <subfield code="a">CAS-E</subfield>
    <subfield code="b">CAS-E</subfield>
    <subfield code="c">DISPLAY</subfield>
    <subfield code="d">2015-12-28</subfield>
    <subfield code="e">Progressive</subfield>
    <subfield code="g">4446.00</subfield>
    <subfield code="l">0</subfield>
    <subfield code="o">621.4021 ANN-T 2011</subfield>
    <subfield code="p">CAS-E0000935</subfield>
    <subfield code="r">2015-12-28</subfield>
    <subfield code="w">2015-12-28</subfield>
    <subfield code="y">BK</subfield>
  </datafield>
  <datafield tag="952" ind1=" " ind2=" ">
    <subfield code="0">0</subfield>
    <subfield code="1">0</subfield>
    <subfield code="2">ddc</subfield>
    <subfield code="4">0</subfield>
    <subfield code="7">0</subfield>
    <subfield code="8">NFIC</subfield>
    <subfield code="a">CAS-E</subfield>
    <subfield code="b">CAS-E</subfield>
    <subfield code="c">DISPLAY</subfield>
    <subfield code="d">2015-12-28</subfield>
    <subfield code="e">Progressive</subfield>
    <subfield code="g">4446.00</subfield>
    <subfield code="l">0</subfield>
    <subfield code="o">621.4021 ANN-T 2011</subfield>
    <subfield code="p">CAS-E0000936</subfield>
    <subfield code="r">2015-12-28</subfield>
    <subfield code="t">C.2</subfield>
    <subfield code="w">2015-12-28</subfield>
    <subfield code="y">BK</subfield>
  </datafield>
</record>
